Sports Quiz

Random Sports Quiz

Greatest Female Athletes Ever Quiz Stats

 Plays Quiz not verified by Sporcle

Score 0/20 Timer 05:00
0 Plays Today
Hint Answer % Correct
SoccerMia Hamm
84%
TennisSteffi Graf
53.3%
NASCARDanica Patrick
49.3%
BasketballCheryl Miller
42.7%
Speed SkatingBonnie Blair
38.7%
GolfAnnika Sörenstam
36%
HeptathlonJackie Joyner Kersee
25.3%
GymnasticsNadia Comaneci
22.7%
Figure SkatingSonja Henie
20%
SoftballJennie Finch
17.3%
Hint Answer % Correct
SwimmingJanet Evans
14.7%
HockeyHayley Wickenheiser
13.3%
SkiingJanica Kostelić
12%
Horse RacingJulie Krone
12%
VolleyballRegla Torres
12%
Distance RunningJoan Benoit Samuelson
10.7%
Table TennisDeng Yaping
6.7%
CricketEllyse Perry
6.7%
BoxingRegina Halmich
6.7%
HandballAnja Andersen
4%

You're not logged in!

Compare scores with friends on all Sporcle quizzes.
OR
Log In

Show Comments

Extras

Top Quizzes Today


Score Distribution

Your Account Isn't Verified!

In order to create a playlist on Sporcle, you need to verify the email address you used during registration. Go to your Sporcle Settings to finish the process.

Report this User

Report this user for behavior that violates our Community Guidelines.

Details: